Datum a čas kvízu
29.5
Celkem bodů
Celkový počet nahraných bodů na tomto kvízu bez doplňovacích otázek.
3.
Pořadí na kvízu
Konečné umístění týmu na tomto kvízu.
Zaznamenané odpovědi
| # | Otázka | Odpověď | Body | Výsledky |
|---|---|---|---|---|
| 1. | Jak se jmenuje první dítě roku... | 1 | ||
| 2. | Obvykle nepřinášíme katastrofi... | 1 | ||
| 3. | Profesor Ratcliffe z univerzit... | 1 | ||
| 4. | Dva zaměstnanci telekomunikačn... | 1 | ||
| 5. | První turnaj ženské tenisové a... | 0 | ||
| 6. | Věříme tomu, že nemálo z Vás v... | 1 | ||
| 7. | Poznáte podle fotky jedno z ne... | 1 | ||
| 8. | Ve kterém městě najdeme toto k... | 1 | ||
| 9. | Ve spolkové zemi Salcbursko se... | 0 | ||
| 10. | Která dvě česká slova jsou nap... | 1 |